00692cam a22002171 450000100060000000300080000600500170001400800390003103500190007003500190008904000440010804100080015208200210016010000340018124500450021526000620026030000300032249000630035250400270041565000320044220051BD-RjUL20211209000520.0140226r19531935enk b 000 1 eng a(BD-RjUL)20113 a(OCoLC)3575339 aDLCcNCorniCCdOCoLCdDLCdBD-RjULbeng aeng04a823.91bGAC 19531 aGalsworthy, John,d1867-1933.14aThe country house /cby John Galsworthy. aLondon :bJ.M. Dent & sons, ltd.,c1935 [reprinted 1953]. axii, 298 p. ;c17 1/2 cm.0 aEveryman's library, ed. by Ernest Rhys. Fiction. [no. 917] aBibliography: p. viii.1 a FICTION -- General.